Panduan penternakan ayam pedaging secara komersil

Bibliographic Details
Main Author: Roni Fadilah
Other Authors: ilias Hj. Yaacob
Format: Book
Published: Kuala Lumpur : Synergy Books International , 2005
Series:Kaedah mengatasi masalah secara praktikal
Subjects:

MARC

LEADER 00000cam a2200000 7i4500
001 0000102396
005 20060728.0
020 |a 9831974085 
090 0 0 |a 630   |b RON 
100 0 |a Roni Fadilah 
245 1 0 |a Panduan penternakan ayam pedaging secara komersil   |c Ir Roni Fadilah 
260 |a Kuala Lumpur :   |b Synergy Books International ,   |c 2005 
300 |a 147p. :   |b ill. ;   |c 23cm. 
490 0 |a Kaedah mengatasi masalah secara praktikal 
650 0 0 |a Agriculture 
700 0 |a ilias Hj. Yaacob 
999 |a 00193503   |b BUKU   |c PINJAMAN   |e PERPUSTAKAAN KOMUNITI PETALING JAYA 
999 |a 00280060   |b BUKU   |c PINJAMAN   |e PERPUSTAKAAN KOMUNITI CAW TAMAN MEDAN